[Event "Dreifluesse op 7th"]
[Site "Passau"]
[Date "1999.04.02"]
[Round "1"]
[White "Preusser, Gernot"]
[Black "Callenberg, Ralf"]
[Result "1-0"]
[WhiteElo "1584"]
[BlackElo "2073"]

1.e4 c5 2.Nf3 d6 3.d4 cxd4 4.Nxd4 Nf6 5.Nc3 a6 6.Be3 e5 7.Nb3 Be7 8.Qd2 Be6
9.O-O-O b5 10.f3 Nbd7 11.g4 Nb6 12.g5 Nfd7 13.h4 Rc8 14.Kb1 Qc7 15.f4 Nc4
16.Bxc4 Bxc4 17.Nd5 Bxd5 18.exd5 f6 19.Rhg1 O-O 20.g6 hxg6 21.Rxg6 Kf7 22.Rdg1 Rg8
23.Qg2 Bf8 24.c3 Qc4 25.fxe5 Nxe5 26.Rxf6+ Kxf6 27.Qg5+ Kf7 28.Qf5+ Ke8 29.Qe6+ Kd8
30.Qxg8 Qd3+ 31.Ka1 Kc7 32.Bd4 Kb8 33.Qe6 Nf3 34.Rc1 Nxd4 35.Nxd4 Qxd4 36.Qxc8+ Kxc8
37.cxd4+ Kd7 38.Rc6 Be7 39.Rxa6 Bxh4 40.Ra7+  1-0

[Event "Dreifluesse op 7th"]
[Site "Passau"]
[Date "1999.04.04"]
[Round "5"]
[White "Fischer, Michael"]
[Black "Hatarik, Robert"]
[Result "1/2-1/2"]
[WhiteElo "2070"]
[BlackElo "1847"]

1.e4 c5 2.Nf3 d6 3.d4 cxd4 4.Nxd4 Nf6 5.Nc3 a6 6.Be3 e6 7.Be2 Be7 8.O-O O-O
9.Kh1 b5 10.Bf3 e5 11.Nf5 Qc7 12.a4 b4 13.Nd5 Nxd5 14.Qxd5 Bb7 15.Qd2 a5
16.Rfd1 Rd8 17.Rac1 Bf8 18.c4 Na6 19.b3 Kh8 20.Qc2 g6 21.Ng3 Bg7 22.Bg4 Kg8
23.Nf1 Nc5 24.f3 Qe7 25.Bh3 Qf8 26.Bxc5 dxc5 27.Rxd8 Rxd8 28.Rd1 Bh6 29.Rd3 Qe7
30.g3 Rd4 31.Rxd4 exd4 32.Qd3 Qe5  1/2-1/2

[Event "Dreifluesse op 7th"]
[Site "Passau"]
[Date "1999.04.04"]
[Round "6"]
[White "Lanka, Zigurds"]
[Black "Danner, Georg"]
[Result "1-0"]
[WhiteElo "2521"]
[BlackElo "2396"]

1.e4 c5 2.Nf3 d6 3.d4 Nf6 4.Nc3 cxd4 5.Nxd4 a6 6.Be3 e5 7.Nb3 Be6 8.f3 h5
9.Be2 Nbd7 10.O-O Be7 11.a4 b6 12.Qd2 Qc7 13.Nc1 Qb7 14.Rd1 O-O 15.N1a2 Rfc8
16.Nb4 a5 17.Nbd5 Nxd5 18.exd5 Bf5 19.Bb5 Qc7 20.Bc6 Rab8 21.Ra3 Nc5 22.Nb5 Qd8
23.c3 Bd7 24.Na7 Rc7 25.Bxd7 Rxa7 26.Bc6 f5 27.b4 Nd7 28.Rb1 f4 29.Bf2 Qc8
30.Rab3 Bd8 31.Kh1 g6 32.Qd3 Kg7 33.Qb5 axb4 34.cxb4 Nf6 35.Qf1 Rf7 36.Be1 g5
37.a5 bxa5 38.bxa5 Rxb3 39.Rxb3 Ra7 40.Qf2 Rxa5 41.Bxa5 Bxa5 42.Qa7+  1-0

[Event "St Petersburg-ch"]
[Site "St Petersburg"]
[Date "1999.04.05"]
[Round "3"]
[White "Solovjov, Sergey"]
[Black "Biriukov, Oleg V"]
[Result "1-0"]
[WhiteElo "2447"]
[BlackElo "2407"]

1.e4 c5 2.Nf3 d6 3.d4 cxd4 4.Nxd4 Nf6 5.Nc3 a6 6.Be3 e6 7.g4 e5 8.Nf5 g6
9.g5 gxf5 10.exf5 d5 11.Qf3 d4 12.O-O-O Nbd7 13.Bd2 dxc3 14.Bxc3 Qc7 15.Bd3 Bd6
16.Rhe1 Rg8 17.gxf6 Nxf6 18.Bc4 Nd7 19.Bxf7+ Kxf7 20.Qh5+ Kg7 21.Rg1+ Kh8
22.Rxg8+ Kxg8 23.Qe8+ Nf8 24.Rg1+ Kh8 25.Bxe5+  1-0

[Event "Budapest FS04 GM"]
[Site "Budapest"]
[Date "1999.04.08"]
[Round "6"]
[White "Zontakh, Andrey"]
[Black "Roeder, Mathias"]
[Result "1/2-1/2"]
[WhiteElo "2530"]
[BlackElo "2448"]

1.e4 c5 2.Nf3 d6 3.d4 cxd4 4.Nxd4 Nf6 5.Nc3 a6 6.Be3 e5 7.Nb3 Be6 8.f3 Be7
9.Qd2 O-O 10.O-O-O b5 11.g4 b4 12.Nd5 Bxd5 13.exd5 a5 14.Nc5 Nfd7 15.Ne4 Qc7
16.Kb1 Na6 17.h4 Nac5 18.Bd3 Nxe4 19.Bxe4 Nc5 20.Bxc5 Qxc5 21.Qd3 g6 22.h5 Kg7
23.Qd2 h6 24.hxg6 Bg5 25.Qd3 fxg6 26.Bxg6 a4 27.Bh7 Rf6 28.Bf5 a3 29.b3 Ra7
30.f4 Bxf4 31.Rh3 Rc7 32.Qe2 Bg5 33.Qg2 Qb6 34.Qe2 Qc5 35.Qg2  1/2-1/2

[Event "Mitropa Cup"]
[Site "Baden"]
[Date "1999.04.10"]
[Round "9"]
[White "Jenni, Florian"]
[Black "Naumann, Alexander"]
[Result "1-0"]
[WhiteElo "2394"]
[BlackElo "2480"]

1.e4 c5 2.Nf3 d6 3.d4 cxd4 4.Nxd4 Nf6 5.Nc3 a6 6.Be3 Ng4 7.Bg5 h6 8.Bh4 g5
9.Bg3 Bg7 10.Be2 h5 11.Bxg4 hxg4 12.O-O e6 13.Re1 Be5 14.Re3 Nd7 15.Nb3 Bxg3
16.Rxg3 Ne5 17.Qd4 f6 18.Rd1 Ke7 19.Nc1 Qc7 20.Nd3 Bd7 21.Nxe5 dxe5 22.Qb4+ Kf7
23.Rxg4 Bc6 24.Rg3 Rad8 25.Rdd3 Rxd3 26.Rxd3 Rd8 27.Qc4 Rxd3 28.Qxd3 Qb6
29.b3 Qc5 30.a4 Qa3 31.f3 Qc5+ 32.Kf1 b5 33.axb5 axb5 34.Ne2 b4 35.c4 bxc3
36.Qxc3 Qb6 37.b4 Bb5 38.Qd2 Qa6 39.Ke1 Kg6 40.Nc3 Qa1+ 41.Nd1 Ba4 42.Ke2 Bxd1+
43.Qxd1 Qb2+ 44.Qd2 Qb1 45.Kf2 Qb3 46.h3 Qb1 47.Qc3 Kh5 48.Qc4 Qb2+ 49.Kg1 Kh4
50.Kh2 Qd2 51.Qc5 Qe1 52.b5 Qg3+ 53.Kh1 f5 54.Qe3 f4 55.Qd2 g4 56.hxg4 Kg5
57.Kg1 Kg6 58.Qf2  1-0

[Event "Budapest FS04 IM-B"]
[Site "Budapest"]
[Date "1999.04.11"]
[Round "9"]
[White "Dolgener, Tobias"]
[Black "Leskiewicz, Maksymilian"]
[Result "1/2-1/2"]
[WhiteElo "2275"]
[BlackElo "2223"]

1.e4 c5 2.Nf3 d6 3.d4 cxd4 4.Nxd4 Nf6 5.Nc3 a6 6.Be3 e5 7.Nb3 Be6 8.Qd2 Be7
9.f3 O-O 10.O-O-O a5 11.Bb5 Na6 12.Qf2 Nc7 13.Bb6 Nd7 14.Bxd7 Qxd7 15.Nxa5 Bxa2
16.Nxa2 Rxa5 17.Bxa5 Qa4 18.Bxc7 Bg5+ 19.Kb1 Ra8 20.c3 Qxa2+ 21.Kc2 Qa4+
22.Kb1 Qa2+ 23.Kc2 Qa4+ 24.Kd3 Qb5+ 25.Kc2 Ra2 26.Rb1 Qa4+ 27.Kd3 Qb5+  1/2-1/2

[Event "Budapest FS04 IM-A"]
[Site "Budapest"]
[Date "1999.04.11"]
[Round "9"]
[White "Farago, Sandor"]
[Black "Wallner, Joachim"]
[Result "1/2-1/2"]
[WhiteElo "2314"]
[BlackElo "2290"]

1.e4 c5 2.Nf3 d6 3.d4 cxd4 4.Nxd4 Nf6 5.Nc3 a6 6.Be3 e6 7.Be2 Qc7 8.O-O Nbd7
9.Kh1 b6 10.f4 Bb7  1/2-1/2

[Event "Budapest FS04 GM"]
[Site "Budapest"]
[Date "1999.04.12"]
[Round "10"]
[White "Zontakh, Andrey"]
[Black "Hoffmann, Michael"]
[Result "1-0"]
[WhiteElo "2530"]
[BlackElo "2407"]

1.e4 c5 2.Nf3 d6 3.d4 Nf6 4.Nc3 cxd4 5.Nxd4 a6 6.Be3 e5 7.Nb3 Be6 8.f3 Be7
9.Qd2 h5 10.Be2 Nbd7 11.a4 Nb6 12.O-O d5 13.a5 Nc4 14.Bxc4 dxc4 15.Qxd8+ Rxd8
16.Nc5 Bxc5 17.Bxc5 Rd2 18.Rfc1 h4 19.Be3 Rd6 20.Ra4 Kd7 21.Bf2 g5 22.Bc5 Rc6
23.Rd1+ Kc7 24.Be7 Rh6 25.Nd5+  1-0

[Event "Budapest FS04 GM"]
[Site "Budapest"]
[Date "1999.04.12"]
[Round "10"]
[White "Nguyen Anh Dung"]
[Black "Roeder, Mathias"]
[Result "1/2-1/2"]
[WhiteElo "2485"]
[BlackElo "2448"]

1.e4 c5 2.Nf3 d6 3.d4 cxd4 4.Nxd4 Nf6 5.Nc3 a6 6.Be3 e5 7.Nb3 Be6 8.Qd2 Be7
9.f3 O-O 10.O-O-O b5 11.g4 Nbd7 12.g5 b4 13.Nd5 Nxd5 14.exd5 Bf5 15.Rg1 a5
16.Kb1 a4 17.Nc1 Qa5 18.Bd3 Bxd3 19.Qxd3 Nc5 20.Bxc5 Qxc5 21.Rg4 Rfc8 22.h4 Ra7  1/2-1/2

[Event "Budapest FS04 GM"]
[Site "Budapest"]
[Date "1999.04.15"]
[Round "13"]
[White "Salmensuu, Olli"]
[Black "Roeder, Mathias"]
[Result "1-0"]
[WhiteElo "2449"]
[BlackElo "2448"]

1.e4 c5 2.Nf3 d6 3.d4 cxd4 4.Nxd4 Nf6 5.Nc3 a6 6.Be3 e5 7.Nb3 Be6 8.f3 Be7
9.Qd2 O-O 10.O-O-O b5 11.Nd5 Bxd5 12.exd5 Qc7 13.g4 Nfd7 14.Qa5 Qb7 15.f4 Rc8
16.Kb1 Bd8 17.Qb4 Qc7 18.Qd2 exf4 19.Bxf4 Bf6 20.Bd3 Nb6 21.g5 Bxb2 22.Kxb2 Nc4+
23.Bxc4 bxc4 24.Qa5 Qb7 25.Bxd6 Qd7 26.Bb4 cxb3 27.axb3 Qf5 28.Bc3 Nd7 29.Rhf1 Qg6
30.Qb4 a5 31.Qd4 a4 32.Qd3 Qd6 33.Qd4 Qg6 34.Qd3 Qd6 35.b4 Nb6 36.Rf3 Rc4
37.Rh3 g6 38.Ka1 Rac8 39.Bf6 h5 40.c3 Nd7 41.Bd4 Qxd5 42.Qf3 Qe6 43.Qe3 Qd5
44.Re1 a3 45.Rh4 Qg2 46.Rb1 Qc2 47.Rh3 Nb6 48.Qd3 Qxd3 49.Rxd3 Na4 50.Bf6 Nb2
51.Re3 Rg4 52.Rbe1 Kf8 53.Ka2 Nc4 54.Re4 Rg2+ 55.R1e2 Rg1 56.Re1 Rg2+ 57.R4e2 Re8
58.Rxg2 Rxe1 59.Kb3 Ne3 60.Rd2 Rb1+  1-0

[Event "Dubai op"]
[Site "Dubai"]
[Date "1999.05.01"]
[Round "1"]
[White "Mamedov, Nidjat"]
[Black "Anastasian, Ashot"]
[Result "0-1"]
[WhiteElo "2255"]
[BlackElo "2529"]

1.e4 c5 2.Nf3 d6 3.d4 cxd4 4.Nxd4 Nf6 5.Nc3 a6 6.Be3 e6 7.Be2 Nbd7 8.f4 b5
9.a3 Bb7 10.Bf3 Rc8 11.O-O Rc4 12.Qe2 Qc7 13.Bf2 Be7 14.Nb3 O-O 15.Nd2 Rc6
16.e5 dxe5 17.Bxc6 Qxc6 18.Be3 exf4 19.Rxf4 Nb6 20.Bxb6 Qxb6+ 21.Kh1 Nd7
22.Rd1 Qc7 23.Rff1 Nb6 24.Qf2 h6 25.Ne2 Bc5 26.Qh4 Nd5 27.Rc1 Ne3 28.Rf2 Nf5
29.Rxf5 exf5 30.c3 Re8 31.Ng1 Bxg1 32.Rxg1 Re2  0-1

[Event "Guillermo Garcia mem-B"]
[Site "Santa Clara"]
[Date "1999.05.03"]
[Round "9"]
[White "Perez, Rodney"]
[Black "Herrera, Irisberto"]
[Result "0-1"]
[WhiteElo "2406"]
[BlackElo "2450"]

1.e4 c5 2.Nf3 d6 3.d4 cxd4 4.Nxd4 Nf6 5.Nc3 a6 6.Be3 e6 7.g4 h6 8.f4 e5 9.Nf5 h5
10.Nd5 Nxd5 11.Qxd5 g6 12.Bc4 Rh7 13.Ng3 hxg4 14.f5 gxf5 15.exf5 Bd7 16.Qd3 Bc6
17.f6 Rh3 18.O-O Nd7 19.Qb3 Rh7 20.Bxf7+ Rxf7 21.Qe6+ Be7 22.Qxf7+ Kxf7 23.fxe7+ Kxe7
24.Bg5+ Ke6 25.Bxd8 Rxd8 26.Rae1 Nf6 27.Nf5 Ne4 28.Re3 Rg8 29.Re2 Rg5 30.Ne3 g3
31.h4 Rh5 32.Ng2 Nf2 33.Rexf2 gxf2+ 34.Rxf2 Bxg2 35.Rxg2 Rxh4 36.Rg7 b5 37.Kf1 Rh2
38.Rc7 Kd5 39.Ke1 e4 40.Kd1 Kd4 41.Rg7 Rh1+ 42.Ke2 Rh2+ 43.Kd1 Ke3  0-1

[Event "PHI-ch"]
[Site "Quezon City"]
[Date "1999.05.04"]
[Round "11"]
[White "Sanchez, Jo"]
[Black "Chiong, Luiz"]
[Result "0-1"]
[WhiteElo "2131"]
[BlackElo "2390"]

1.e4 c5 2.Nf3 d6 3.d4 cxd4 4.Nxd4 Nf6 5.Nc3 a6 6.Be3 e5 7.Nb3 Be6 8.f3 h5
9.Qd2 Nbd7 10.O-O-O b5 11.Nd5 Bxd5 12.exd5 Nb6 13.Bxb6 Qxb6 14.Kb1 g6 15.Bd3 Bh6
16.Qe1 O-O 17.Qh4 Kg7 18.Rhe1 a5 19.a3 Rfb8 20.Nd2 Bxd2 21.Rxd2 Qc5 22.Qf2 Qxf2
23.Rxf2 Ra7 24.Rd2 Rc7 25.Be2 Nd7 26.Bd1 Nc5 27.b3 f5 28.h4 Kf6 29.Kb2 b4
30.g3 Rg8 31.Re3 g5 32.axb4 axb4 33.hxg5+ Rxg5 34.f4 exf4 35.gxf4 Rg1 36.Bxh5 Ne4
37.Rd4 Nc3 38.Re6+ Kg7 39.Rxb4 Rb1+ 40.Ka3 Ra1+ 41.Kb2 Rb1+ 42.Ka3 Ra7+ 43.Ra4 Nxa4
44.bxa4 Rab7 45.Ka2 R7b2+ 46.Ka3 Rb6 47.Ka2 R1b4 48.Be8 Rxf4 49.Rg6+ Kh7
50.Rg3 Rc4 51.c3 f4 52.Rg4 Rc8 53.Bb5 Rf8 54.Bd3+ Kh6 55.a5 Rb7 56.Rg6+ Kh5
57.a6 Rc7 58.Kb2 Rb8+ 59.Kc2 Rbc8 60.Rxd6 Rxc3+ 61.Kd2 Ra3 62.Rc6 Rd8 63.Bc4 f3
64.Rf6 Kg5 65.Rf7 Rh8 66.Bd3 Rh2+ 67.Ke3 f2  0-1

[Event "Sonsbeek SNS"]
[Site "Arnhem"]
[Date "1999.05.07"]
[Round "5"]
[White "Nijboer, Friso"]
[Black "Sadler, Matthew"]
[Result "1/2-1/2"]
[WhiteElo "2515"]
[BlackElo "2667"]

1.e4 c5 2.Nf3 d6 3.d4 cxd4 4.Nxd4 Nf6 5.Nc3 a6 6.Be3 e5 7.Nb3 Be6 8.Qd2 Nbd7
9.f3 h5 10.a4 Rc8 11.a5 Be7 12.Be2 h4 13.O-O g6 14.Nd5 Bxd5 15.exd5 Kf8 16.c4 Nh5
17.Rfd1 Kg7 18.c5 dxc5 19.d6 Bf6 20.Bc4 Nf4 21.Qc2 Bg5 22.Qc3 Rc6 23.Nd2 Rxd6
24.Ne4 Rd4 25.Bxd4 exd4 26.Qb3 Ne5 27.Bf1 Nh5 28.Re1 h3 29.g3 Be3+ 30.Rxe3 dxe3
31.Qxe3 Qd4 32.Qxd4 cxd4 33.f4 Nf3+ 34.Kh1 Nf6 35.Nf2 Rc8 36.Bd3 Nd2 37.Nxh3 Nd5
38.Ng1 Nb4 39.Rd1 Nb3 40.Be4 f5 41.Bxb7 Rc7 42.Ba8 d3 43.Nf3 d2 44.Nxd2 Rd7
45.Kg2 Rxd2+ 46.Rxd2 Nxd2 47.Kf2 Nb3 48.Ke3 Kf6 49.h4 Ke6 50.Bf3 Nd5+ 51.Kd3 Nxa5
52.h5 gxh5 53.Bxh5 Nf6 54.Be2 Nc6 55.Kc4 Kd6 56.Bd3 Nd5 57.Kb3 a5 58.Bxf5 Nd4+
59.Ka4 Nxf5 60.Kxa5 Nxg3 61.b4 Nf5 62.b5 Kc5 63.b6 Nxb6 64.Ka6 Nc4 65.Kb7 Kd6
66.Kc8 Na5 67.Kd8 Nb7+ 68.Ke8 Ke6 69.Kf8 Nbd6 70.Kg8 Ke7 71.Kh7 Kf7 72.Kh8 Kg6
73.Kg8 Nf7 74.Kf8 N7h6 75.Ke8 Kg7 76.Kd8 Kf7 77.Kd7 Ng4 78.Kc6 Ke6 79.Kc5 Kd7
80.Kd5 Nge3+ 81.Ke5 Ke7 82.Ke4 Kd6 83.Kd3 Kd5 84.Kc3 Nc4 85.Kd3 Ncd6 86.Kc3 Ke4
87.Kb3 Kd3 88.Kb4 Kd4 89.Kb3 Ne4 90.Kb4 Nc3 91.Kb3 Nd5 92.Kb2 Kc5 93.Kc1 Nb4
94.Kd1 Kc4 95.Ke2 Nd5 96.Kf3 Nf6 97.Ke2 Kc3 98.Ke1 Ne4 99.Ke2 Nd2 100.Ke1 Kd3
101.Kf2 Ne4+ 102.Ke1 Nc3 103.Kf1 Kd4 104.Kf2 Ke4 105.Kf1 Kf3 106.Ke1 Ke3
107.Kf1 Ne4 108.Ke1 Nf2 109.Kf1 Nd3 110.Kg2 Ke2 111.Kh2 Kf3 112.Kh3 Nf2+
113.Kh2 Ne3  1/2-1/2

[Event "Budapest FS05 Elo"]
[Site "Budapest"]
[Date "1999.05.07"]
[Round "7"]
[White "Balogh, Csaba"]
[Black "Travaglini, Alberto"]
[Result "1-0"]
[WhiteElo "2135"]
[BlackElo "2196"]

1.e4 c5 2.Nf3 d6 3.d4 cxd4 4.Nxd4 Nf6 5.Nc3 a6 6.Be3 Ng4 7.Bg5 h6 8.Bh4 g5
9.Bg3 Bg7 10.Be2 h5 11.Nf5 Bxf5 12.exf5 Qa5 13.O-O Nf6 14.Re1 Kf8 15.Bf3 Nc6
16.Bxc6 bxc6 17.Rxe7 d5 18.Rb7 Re8 19.Qd4  1-0

[Event "Dubai op"]
[Site "Dubai"]
[Date "1999.05.07"]
[Round "7"]
[White "El Taher, Fouad"]
[Black "Ibrahimov, Rasul"]
[Result "1-0"]
[WhiteElo "2468"]
[BlackElo "2378"]

1.e4 c5 2.Nf3 d6 3.d4 cxd4 4.Nxd4 Nf6 5.Nc3 a6 6.Be3 e6 7.f4 b5 8.Qf3 Bb7
9.Bd3 Nbd7 10.a3 Rc8 11.O-O Be7 12.Rae1 O-O 13.Qh3 Nc5 14.Kh1 Nfd7 15.Re2 Re8
16.Bg1 Bf8 17.Nf3 e5 18.Qg3 Rc7 19.Nh4 exf4 20.Qxf4 Ne5 21.Qg3 g6 22.Nf5 Rc8
23.Ne3 Bg7 24.Ned5 Re6 25.Be3 Ncd7 26.Ref2 Bxd5 27.Nxd5 h6 28.Qh3 Qe8 29.Qh4 Kh7
30.h3 Qf8 31.Bg5 Qe8 32.Nf4 Nc5 33.Nxe6 Qxe6 34.Bd2 Na4 35.Bc1 Nc5 36.Be2 Qe8
37.Bd1 Ncd7 38.Qg3 Rc4 39.Re1 Nf6 40.Rfe2 Qa8 41.Qf4 Nh5 42.Qf2 Nf6 43.Qh4 Nfd7
44.b3 Rc6 45.Rf1 Qe8 46.Ref2 a5 47.Be2 Rb6 48.Be3 Rb7 49.Rd1 Qe6 50.Qd8 a4
51.bxa4 bxa4 52.Qa8 Rb2 53.Qxa4 Nc5 54.Bxc5 dxc5 55.Rd5 h5 56.Bf1 Rb1 57.c3 c4
58.Qc2 Rb7 59.a4 Bh6  1-0

[Event "NED-ch U20 "]
[Site "Leiden"]
[Date "1999.05.09"]
[Round "7"]
[White "Van Delft, Merijn"]
[Black "Vink, Nico"]
[Result "1-0"]
[WhiteElo "2292"]
[BlackElo "2252"]

1.e4 c5 2.Nf3 d6 3.d4 cxd4 4.Nxd4 Nf6 5.Nc3 a6 6.Be3 e5 7.Nb3 Be7 8.f3 Nbd7
9.Qd2 Qc7 10.g4 h6 11.h4 b5 12.O-O-O Nb6 13.Qf2 Rb8 14.Kb1 Be6 15.Bd3 Na4
16.Ne2 d5 17.Ng3 dxe4 18.Nxe4 Nd5 19.g5 Nxe3 20.Qxe3 Rc8 21.Qc1 Nb6 22.Ng3 Nd5
23.Bf5 Nf4 24.Bxe6 Nxe6 25.Nf5 hxg5 26.hxg5 Rxh1 27.Rxh1 g6 28.Nxe7 Qxe7
29.Qe3 Qc7 30.c3 Ke7 31.Re1 Rh8 32.Nc1 Rh4 33.Nd3 e4 34.fxe4 Rg4 35.Nb4 Qc5
36.Nd5+ Kf8 37.Qh3  1-0

[Event "Capablanca mem Premier II"]
[Site "Havana"]
[Date "1999.05.10"]
[Round "4"]
[White "Garbisu de Goni, Unai"]
[Black "Gongora, Maikel"]
[Result "1-0"]
[WhiteElo "2414"]
[BlackElo "2427"]

1.e4 c5 2.Nf3 d6 3.d4 cxd4 4.Nxd4 Nf6 5.Nc3 a6 6.Be3 Ng4 7.Bg5 h6 8.Bh4 g5
9.Bg3 Bg7 10.Be2 h5 11.Bxg4 Bxg4 12.f3 Bd7 13.Bf2 Nc6 14.O-O b5 15.Nd5 Rb8
16.Nxc6 Bxc6 17.Ba7 Rb7 18.Bd4 f6 19.Qd2 a5 20.a3 e6 21.Ne3 O-O 22.Bc3 a4
23.Rad1 Rd7 24.Bb4 Qb6 25.Kh1 Bb7 26.Rfe1 Rc8 27.Qe2 Rcd8 28.h3 Kf7 29.c4 Ba6
30.f4 g4 31.f5 e5 32.Rd5 Bh6 33.cxb5 Bb7 34.Nc4 Qa7 35.Rxd6 Kg7 36.Red1 Rxd6
37.Nxd6 Ba8 38.hxg4 hxg4 39.g3 Bg5 40.Kg2 Rh8 41.Qc2 Be3 42.Qc4 Bd4 43.Rc1 Bb6
44.Qe2 Rh5 45.Nc8  1-0

[Event "Zalakaros Kupa 18th"]
[Site "Zalakaros"]
[Date "1999.05.12"]
[Round "1"]
[White "Toplak, Istvan"]
[Black "Fischer, Ion"]
[Result "0-1"]
[WhiteElo "2037"]
[BlackElo "2340"]

1.e4 c5 2.Nf3 d6 3.d4 cxd4 4.Nxd4 Nf6 5.Nc3 a6 6.Be3 e5 7.Nb3 Be7 8.f3 Be6
9.Qd2 Nbd7 10.O-O-O b5 11.Kb1 b4 12.Nd5 Bxd5 13.exd5 a5 14.g4 O-O 15.h4 Nb6
16.Bxb6 Qxb6 17.h5 a4 18.Nc1 Ra5 19.Bc4 Rc8 20.b3 Rac5 21.Qd3 e4 22.fxe4 Nxg4
23.Qd4 Bf6 24.Qg1 Ne5 25.Rf1 Qd8 26.Bd3 axb3 27.Nxb3 Rc3 28.Rh3 Qe7 29.Rf5 h6
30.Qb6 Nxd3 31.cxd3 Rxd3 32.Rxd3 Qxe4 33.Qe3 Qxf5 34.Qh3 Qxh3 35.Rxh3 Rc4
36.Rh2 Be5 37.Rc2 Rxc2 38.Kxc2 g6 39.Kd3 gxh5 40.Na5 h4 41.Ke3 Kg7 42.Nc6 Bc3
43.Nd8 Kf6 44.Kf3 h5 45.Kg2 Be1 46.Kf1 h3 47.Kg1 Ke5 48.Nxf7+ Kxd5  0-1

[Event "Budapest FS05 IM"]
[Site "Budapest"]
[Date "1999.05.13"]
[Round "13"]
[White "Sedlak, Nicola"]
[Black "Carstensen, Jacob"]
[Result "1/2-1/2"]
[WhiteElo "2349"]
[BlackElo "2157"]

1.e4 c5 2.Nf3 d6 3.d4 cxd4 4.Nxd4 Nf6 5.Nc3 a6 6.Be3 Ng4 7.Bg5 h6 8.Bh4 g5
9.Bg3 Bg7 10.Be2 h5 11.Bxg4 Bxg4 12.f3 Bd7 13.Bf2 Nc6 14.Qd2 Qa5 15.Nb3 Bxc3
16.bxc3 Qe5 17.O-O h4 18.Nd4 Qa5 19.Rab1 Nxd4 20.Qxd4 f6 21.Rxb7 Qxa2 22.c4 Qa4
23.Ra1 Qc6 24.Rb6 Qc8 25.e5 fxe5 26.Qd2 Qxc4 27.Qxg5 Rg8 28.Qh5+ Qf7 29.Qxf7+ Kxf7
30.Bxh4 Rgb8 31.Rxb8 Rxb8 32.Rxa6 Rb1+ 33.Kf2 Rb2 34.Ra7 Rxc2+ 35.Kg3 Ke6  1/2-1/2

[Event "BUL-ch"]
[Site "Plovdiv"]
[Date "1999.05.13"]
[Round "2"]
[White "Marholev, Dimitar"]
[Black "Genov, Petar"]
[Result "1/2-1/2"]
[WhiteElo "2307"]
[BlackElo "2410"]

1.e4 c5 2.Nc3 d6 3.Nge2 Nf6 4.d4 cxd4 5.Nxd4 a6 6.Be3 Ng4 7.Bg5 h6 8.Bh4 g5
9.Bg3 Bg7 10.Be2 h5 11.h4 Nc6 12.Nb3 gxh4 13.Bxh4 Be6 14.Rb1 Qb6 15.Nd5 Bxd5
16.exd5 Nce5 17.c3 Ng6 18.Bxg4 hxg4 19.Qxg4 Qb5 20.Rd1 Qd7 21.Qxd7+ Kxd7
22.g3 Rh5 23.Ke2 Rah8 24.Na5 Kc7 25.Nc4 Nxh4 26.Rxh4 Rxh4 27.gxh4 Rxh4 28.Ne3 Bf6
29.Rg1 b5 30.a3 a5 31.Kd3 Rf4 32.Rg2 b4 33.axb4 axb4 34.Rg4 Rxf2 35.Rc4+ Kd7
36.Rxb4 Bg5 37.Nc4 f5 38.Rb8 Rf3+ 39.Ke2 Rh3 40.Rf8 Bf6 41.Ne3 Rh2+ 42.Kd3 Rh3
43.Ke2 Rh2+ 44.Kd3 Rxb2 45.Nxf5 Rb5 46.Ne3 Rb3 47.Nd1 Rb1 48.Nf2 Rb5 49.c4 Rb3+
50.Ke2 Rb2+ 51.Ke3 Rb3+ 52.Ke2 Bd4 53.Nd3 e5  1/2-1/2

[Event "Zalakaros Kupa 18th"]
[Site "Zalakaros"]
[Date "1999.05.14"]
[Round "3"]
[White "Horvath, Adam"]
[Black "Manyai, Zsolt"]
[Result "1-0"]
[WhiteElo "2437"]
[BlackElo "2155"]

1.e4 c5 2.Nf3 d6 3.d4 cxd4 4.Nxd4 Nf6 5.Nc3 a6 6.Be3 Ng4 7.Bg5 h6 8.Bc1 Nf6
9.Bc4 e6 10.Bb3 Nbd7 11.f4 Nc5 12.e5 dxe5 13.fxe5 Nxb3 14.axb3 Nd5 15.O-O Bc5
16.Ne4 Qb6 17.Ra4 Bd7 18.Rc4 Be7 19.Qg4 Bc6 20.Kh1 O-O-O 21.Rxf7 Kb8 22.Nxc6+ bxc6
23.Nd6 Rhf8 24.Rxf8 Rxf8 25.Qe2 Rf2 26.Qe1 a5 27.Bd2 Bg5 28.Ne4 Bxd2 29.Qxf2 Ne3
30.Qf8+  1-0

[Event "Capablanca mem Premier I"]
[Site "Havana"]
[Date "1999.05.15"]
[Round "8"]
[White "Abreu, Arian"]
[Black "Szekely, Peter"]
[Result "1/2-1/2"]
[WhiteElo "2410"]
[BlackElo "2444"]

1.e4 c5 2.Nf3 d6 3.d4 cxd4 4.Nxd4 Nf6 5.Nc3 a6 6.Be3 Ng4 7.Bg5 h6 8.Bh4 g5
9.Bg3 Bg7 10.Be2 h5 11.Bxg4 Bxg4 12.f3 Be6 13.Qd2 Qa5 14.Nb3 Qb4 15.a3 Qc4
16.Qxg5 Bxc3+ 17.bxc3 Qxc3+ 18.Qd2 Qxd2+ 19.Kxd2 Nc6 20.Bf2 f6 21.Nd4 Nxd4
22.Bxd4 Rg8 23.g3 b5 24.a4 Kf7 25.axb5 axb5  1/2-1/2

[Event "BUL-ch"]
[Site "Plovdiv"]
[Date "1999.05.16"]
[Round "5"]
[White "Spasov, Vasil"]
[Black "Drenchev, Petar"]
[Result "1-0"]
[WhiteElo "2587"]
[BlackElo "2371"]

1.e4 c5 2.Nf3 d6 3.d4 cxd4 4.Nxd4 Nf6 5.Nc3 a6 6.Be3 e6 7.g4 h5 8.gxh5 b5
9.f3 Nbd7 10.Qd2 Bb7 11.O-O-O b4 12.Nce2 d5 13.Ng3 dxe4 14.fxe4 Nc5 15.Bg2 Nfxe4
16.Qe2 Qa5 17.Kb1 O-O-O 18.Nxe4 Nxe4 19.Nxe6 fxe6 20.Bxe4 Bd5 21.Bxd5 Rxd5
22.Bf4  1-0

[Event "Zalakaros Kupa 18th"]
[Site "Zalakaros"]
[Date "1999.05.16"]
[Round "5"]
[White "Hajnal, Zoltan"]
[Black "Vaulin, Alexander"]
[Result "0-1"]
[WhiteElo "2286"]
[BlackElo "2547"]

1.e4 c5 2.Nf3 d6 3.d4 cxd4 4.Nxd4 Nf6 5.Nc3 a6 6.Be3 e6 7.f3 Nbd7 8.Qd2 b5
9.g4 h6 10.O-O-O Bb7 11.h4 b4 12.Nce2 d5 13.Bh3 dxe4 14.g5 hxg5 15.hxg5 exf3
16.Nf4 Ne4 17.Qe1 Rxh3 18.Nxh3 e5 19.Nb3 Qc7 20.Kb1 a5 21.Nd2 a4 22.Qh4 Rc8
23.Rc1 Nc3+ 24.bxc3 bxc3 25.Rh2 cxd2 26.Rxd2 Ba3 27.Qxa4 Ra8 28.Qb3 Be4 29.Rxd7 Qxd7
30.Re1 Qxh3 31.Qb5+ Qd7 32.Qxe5+ Kf8 33.Bc5+ Bxc5 34.Qxc5+ Kg8 35.Rxe4 f2
36.Rf4 Qd1+ 37.Kb2 f1=Q  0-1

[Event "Zalakaros Kupa 18th"]
[Site "Zalakaros"]
[Date "1999.05.17"]
[Round "6"]
[White "Frink, Ferenc"]
[Black "Ardeleanu, Alin"]
[Result "0-1"]
[WhiteElo "2195"]
[BlackElo "2420"]

1.e4 c5 2.Nf3 d6 3.d4 cxd4 4.Nxd4 Nf6 5.Nc3 a6 6.Be3 e5 7.Nb3 Be7 8.Qd2 Be6
9.O-O-O O-O 10.f3 a5 11.Na4 Nbd7 12.g4 d5 13.g5 d4 14.gxf6 dxe3 15.Qxe3 Bxf6
16.Rg1 Qc7 17.Bb5 Kh8 18.Bxd7 Bxd7 19.Nb6 Bc6 20.Nxa8 Rxa8 21.Rd2 a4 22.Nc5 Qb6
23.Qf2 a3 24.b3 h6 25.h4 Qb4 26.Rd6 Rg8 27.Qe3 Kh7 28.c3 Qb6 29.b4 Be7 30.Rd2 Bb5
31.f4 Bf6 32.Rc2 Rc8 33.Qg3 Qc7 34.f5 b6 35.c4 Bc6 36.Na6 Qb7 37.Qxa3 Bxe4
38.Rc3 Bxf5 39.b5 Qe4 40.Nb4 Qb1+ 41.Kd2 Qxg1  0-1

[Event "Katrineholm"]
[Site "Katrineholm"]
[Date "1999.05.19"]
[Round "8"]
[White "Berg, Emanuel"]
[Black "Lutz, Christopher"]
[Result "0-1"]
[WhiteElo "2364"]
[BlackElo "2610"]

1.e4 c5 2.Nf3 d6 3.d4 cxd4 4.Nxd4 Nf6 5.Nc3 a6 6.Be3 e6 7.f4 b5 8.Qf3 Bb7
9.Bd3 Nbd7 10.g4 b4 11.Nce2 Nc5 12.Ng3 Nfd7 13.O-O-O Qc7 14.Kb1 g6 15.f5 Bg7
16.Rhf1 O-O-O 17.Qe2 Be5 18.fxe6 fxe6 19.Qd2 Bxg3 20.hxg3 e5 21.Nf3 d5 22.Ng5 d4
23.Bg1 Rhf8 24.Qxb4 Rxf1 25.Rxf1 h6 26.Nf3 Nxe4 27.Nh4 Ndc5 28.Nxg6 Qd6 29.Nh4 Nxd3
30.Qxd6 Nd2+ 31.Ka1 Rxd6 32.Rd1 Nb4 33.Rxd2 Be4 34.Nf5 Rf6 35.a3 Nxc2+ 36.Ka2 h5
37.Re2 d3 38.Rd2 hxg4 39.Ne7+ Kd7 40.Bc5 Rf1 41.b3 Ne1 42.Ng8 Kc6 43.Be3 Nf3
44.Rb2 Re1 45.Bh6 Re2  0-1

[Event "Zalakaros Kupa 18th"]
[Site "Zalakaros"]
[Date "1999.05.19"]
[Round "8"]
[White "Cioara, Andrei Nestor"]
[Black "Flumbort, Andras"]
[Result "1-0"]
[WhiteElo "2398"]
[BlackElo "2208"]

1.e4 c5 2.Nf3 d6 3.d4 cxd4 4.Nxd4 Nf6 5.Nc3 a6 6.Be3 e6 7.f3 b5 8.g4 Bb7
9.Qd2 Nfd7 10.O-O-O Nb6 11.Bd3 N8d7 12.Qf2 Rc8 13.Nce2 Qc7 14.Kb1 d5 15.Ng3 Nc4
16.Bxc4 bxc4 17.g5 dxe4 18.f4 Bd5 19.f5 e5 20.Nb5 Qb7 21.Qd2 Bc6 22.Nd6+ Bxd6
23.Qxd6 Qc7 24.Qa3 Bb7 25.f6  1-0

[Event "Capablanca mem Premier I"]
[Site "Havana"]
[Date "1999.05.20"]
[Round "12"]
[White "Abreu, Arian"]
[Black "Roeder, Mathias"]
[Result "0-1"]
[WhiteElo "2410"]
[BlackElo "2448"]

1.e4 c5 2.Nf3 d6 3.d4 cxd4 4.Nxd4 Nf6 5.Nc3 a6 6.Be3 e5 7.Nb3 Be6 8.Be2 Be7
9.O-O O-O 10.Qd3 Qc7 11.Nd5 Nxd5 12.exd5 Bd7 13.c4 a5 14.f4 a4 15.Nd2 exf4
16.Bxf4 Na6 17.Kh1 Nc5 18.Qg3 Bf5 19.Be3 Bg6 20.h4 f5 21.h5 Be8 22.Bh6 Bd8
23.Rae1 Kh8 24.Be3 Bd7 25.Bf4 Rf6 26.Bd1 b5 27.h6 g6 28.Bh5 b4 29.a3 bxa3
30.Bg5 Rf7 31.Qc3+ Kg8 32.Rxf5 Qa5 33.Qxa5 Bxa5 34.Rxf7 Kxf7 35.Re7+ Kf8
36.Bxg6 Be8 37.Bxe8 Bxd2 38.Rxh7 Bxg5 39.Bg6 Bxh6 40.bxa3 Bg7 41.Rh3 Be5
42.g4 Kg7 43.Bh5 Rb8 44.Rf3 Rf8 45.Rh3 Rf2 46.Be8 Ne4 47.Bxa4 Ng3+ 48.Kg1 Ra2  0-1

[Event "Salongernas IM"]
[Site "Stockholm"]
[Date "1999.06.12"]
[Round "8"]
[White "Lindberg, Bengt"]
[Black "Dzevlan, Miralem"]
[Result "1/2-1/2"]
[WhiteElo "2307"]
[BlackElo "2435"]

1.e4 c5 2.Nf3 d6 3.d4 cxd4 4.Nxd4 Nf6 5.Nc3 a6 6.Be3 e5 7.Nb3 Be6 8.h3 Nbd7
9.g4 h6 10.Qf3 Rc8 11.O-O-O Be7 12.Kb1 Qc7 13.Bd3 Qc6 14.Na5 Qc7 15.Nb3 Qc6
16.Na5 Qc7  1/2-1/2

[Event "CCA ChessWise op"]
[Site "Stratton Mountain"]
[Date "1999.06.15"]
[Round "7"]
[White "Garcia, Gildardo"]
[Black "Mirabile, Tim"]
[Result "1-0"]
[WhiteElo "2446"]
[BlackElo "2255"]

1.e4 c5 2.Nf3 d6 3.d4 cxd4 4.Nxd4 Nf6 5.Nc3 a6 6.Be3 Ng4 7.Bg5 h6 8.Bh4 g5
9.Bg3 Bg7 10.Be2 h5 11.Bxg4 Bxg4 12.f3 Bd7 13.Qd2 Qa5 14.Nb3 Qc7 15.Nd5 Qd8
16.Bf2 Bxb2 17.Rb1 Bf6 18.Na5 b5 19.Nb7  1-0